000 01076nam a2200337 a 4500
001 21337
003 VRT
005 20260227141957.0
008 010813s1996 xr a d 011 0 cze c
020 _a8090206921 (viaz.)
035 _aUKB000291655
040 _aBAA001
_bslo
_cBAA001
_eAACR2
041 1 _acze
_heng
044 _axr
_cCZ
080 _a641.55(083.12)
111 1 _aReader's Digest Výběr
_4aut
245 0 0 _aRecepty pro jeden hrnec
_bz celého světa
_cReader's Digest Výběr ; [autorský kolektiv Pat Albureyová ... et al. ; fotografie Martin Brigdale ... et al. ; překlad Dominika Křesťanová a Jan Šulc (rejstřík)]
250 _a1. vyd
260 _aPraha
_bReader's Digest Výber
_c1996
300 _a352 s
_e1 l.
500 _aFrontsp. Obr. publ
504 _aReg. s. 347-352
650 0 7 _aeintopfy
_xrecepty
650 0 7 _aknihy kuchárske
653 _a641.55(083.12)
700 1 _aAlburey, Pat
_4aut
700 1 _aBrigdale, Martin
_4pht
910 _aukb
942 _2ddc
_cOLDO
_n0
949 _61800130053
_aSL.D.39703
_bPV.3389-2001
999 _c21337
_d21337